Online
Catalog

Examen del estado actual de los esclavos en la isla de Puerto Rico / (Record no. 5539)

MARC details
000 -CABECERA
campo de control de longitud fija 00809cam a2200205 a 4500
001 - NÚMERO DE CONTROL
campo de control 000005743
005 - FECHA Y HORA DE LA ÚLTIMA TRANSACCIÓN
campo de control 20200929151751.0
008 - DATOS DE LONGITUD FIJA--INFORMACIÓN GENERAL
campo de control de longitud fija 780505s1976 pr s001 0 spa
040 ## - FUENTE DE LA CATALOGACIÓN
Centro catalogador/agencia de origen DO-SdBNP
Lengua de catalogación spa
Centro/agencia transcriptor BNPHU
082 ## - NÚMERO DE LA CLASIFICACIÓN DECIMAL DEWEY
Número de clasificación 326.97295
Número de documento/Ítem F625e, 1976
100 1# - ENTRADA PRINCIPAL--NOMBRE DE PERSONA
Nombre de persona Flinter, George Dawsón,
Fechas asociadas al nombre 1838
9 (RLIN) 16247
245 10 - MENCIÓN DE TÍTULO
Título Examen del estado actual de los esclavos en la isla de Puerto Rico /
Mención de responsabilidad, etc. Jorge Dawsón Flinter; edición, Emilio M. Colón.
250 ## - MENCIÓN DE EDICIÓN
Mención de edición 2a ed.
260 ## - PUBLICACIÓN, DISTRIBUCIÓN, ETC.
Lugar de publicación, distribución, etc. San Juan, Puerto Rico :
Nombre del editor, distribuidor, etc. Instituto de Cultura Puertorriqueña,
Lugar de fabricación/manufactura Barcelona :
Fabricante Medinaceli,
Fecha de publicación, distribución, etc. 1976.
300 ## - DESCRIPCIÓN FÍSICA
Extensión 124 p. ;
Dimensiones 18 cm.
650 #4 - PUNTO DE ACCESO ADICIONAL DE MATERIA--TÉRMINO DE MATERIA
Término de materia o nombre geográfico como elemento de entrada Esclavitud
Subdivisión geográfica Puerto Rico
9 (RLIN) 16248
650 #4 - PUNTO DE ACCESO ADICIONAL DE MATERIA--TÉRMINO DE MATERIA
Término de materia o nombre geográfico como elemento de entrada Esclavitud en puerto rico
Subdivisión general Historia
9 (RLIN) 16249
650 #4 - PUNTO DE ACCESO ADICIONAL DE MATERIA--TÉRMINO DE MATERIA
Término de materia o nombre geográfico como elemento de entrada Emancipación de los esclavos
Subdivisión geográfica Puerto Rico
9 (RLIN) 16250
700 1# - PUNTO DE ACCESO ADICIONAL--NOMBRE DE PERSONA
Nombre de persona Colón, Emilio M,
Término indicativo de función/relación ed.
9 (RLIN) 4082
Holdings
Estado de retiro Estado de pérdida Restricciones de uso No para préstamo Código de colección Localización permanente Ubicación/localización actual Ubicación en estantería Fecha de adquisición Número de inventario Total de préstamos Signatura topográfica completa Código de barras Fecha visto por última vez Precio válido a partir de Tipo de ítem Koha
    Préstamo interno   Monografías: Libros y Folletos General General En catalogación 21.08.2009 LF1   326.97295 F625e, 1976 5743-10 25.06.2020 25.06.2020 Préstamo interno

Powered by Koha